Top50 carros que mais vendem no Brasil em 2025 - Statistics

Estatísticas Gerais
  • Esse quiz foi jogado 141 vezes
  • A pontuação média é 22 de 50
Estatísticas das Respostas
Posição Construtora Carro % Correto
23° Toyota Corolla
85%
Hyundai HB20
84%
21° Jeep Renegade
83%
12° Jeep Compass
79%
Chevrolet Onix
79%
19° Chevrolet Onix
79%
Volkswagen Polo
77%
Fiat Argo
70%
Hyundai Creta
69%
Fiat Mobi
69%
14° Renault Kwid
68%
Honda HR-V
64%
Volkswagen T-Cross
64%
16° Fiat Toro
64%
Fiat Strada
62%
50° BYD Dolphin
60%
18° Toyota Hilux
59%
49° Citroën C3
57%
20° Volkswagen Nivus
56%
15° Fiat Fastback
54%
25° Volkswagen Virtus
52%
28° Fiat Cronos
51%
11° Volkswagen Saveiro
51%
13° Chevrolet Tracker
50%
26° Ford Ranger
48%
10° Toyota Corolla Cross
46%
22° Fiat Pulse
45%
31° Chevrolet S10
43%
33° RAM Rampage
42%
46° Jeep Commander
40%
29° Caoa Chery Tiggo 7
39%
40° Renault Duster
36%
44° Caoa Chery Tiggo 8
36%
36° Chevrolet Montana
32%
34° Renault Kardian
31%
48° BYD King
29%
39° Volkswagen Taos
29%
24° BYD Song
27%
30° BYD Dolphin Mini
22%
38° Fiat Fiorino
17%
32° GWM Haval H6
16%
35° Citroën Basalt
15%
37° Chevrolet Spin
15%
41° Toyota Hilux SW4
6%
17° Nissan Kicks Play
6%
43° Renault Master
3%
45° Honda Hatch
1%
27° Hyundai HB205
1%
47° Peugeot Peugeot 2008
1%
42° Honda Sedã
1%
Nenhum quiz correspondente encontrado
Distribuição das Pontuações
Porcentagem de Pessoas com Cada Pontuação
Percentil de Números Respondidos
Sua Pontuação Histórica
Você não jogou esse quiz